Espacios de control y regulación social : ciudad, territorio y poder : siglos XVII-XX /
Obra que reúne las ponencias presentadas en el XIII Coloquio Internacional de Geocrítica, celebrado en Barcelona, España en 2014. Ahí se aborda, desde la perspectiva geohistórica, los procesos de regulación social a través de la creación de espacios de control de la población y del control de los es...
Gardado en:
| Autor Corporativo: | |
|---|---|
| Outros autores: | , , |
| Formato: | Procedimiento de la conferencia Libro |
| Idioma: | Lingua castelá |
| Publicado: |
Barcelona, España :
Serbal,
2014, c2014
|
| Series: | (La Estrella Polar ;
64) |
| Temas: | |
| Etiquetas: |
Sen Etiquetas, Sexa o primeiro en etiquetar este rexistro!
|
MARC
| LEADER | 00000nam^a2200000^a^4500 | ||
|---|---|---|---|
| 001 | 000401686 | ||
| 005 | 20250521000000.0 | ||
| 009 | 20260526143602.726 | ||
| 020 | |a 978-84-7628-757-6 | ||
| 037 | |a Acervo ITESO - Biblioteca | ||
| 041 | |a ESP | ||
| 082 | |a 304. 23 |b COL 2014 | ||
| 111 | |a Coloquio Internacional de Geocrítica ( |n 13° : |d 2014 : |c Barcelona, España) | ||
| 245 | 1 | 0 | |a Espacios de control y regulación social : |b ciudad, territorio y poder : siglos XVII-XX / |c Coloquio Internacional de Geocrítica ; ed. de V. Casals, Q. Bonastra ; introd. de H. Capel. |
| 264 | 4 | |a Barcelona, España : |b Serbal, |c 2014, c2014 | |
| 300 | |a 399 p. | ||
| 336 | |a texto |b txt |2 rdacontenido | ||
| 337 | |a sin mediación |b n |2 rdamedio | ||
| 338 | |a volumen |b nc |2 rdasoporte | ||
| 440 | 3 | |a (La Estrella Polar ; |v 64) | |
| 520 | |a Obra que reúne las ponencias presentadas en el XIII Coloquio Internacional de Geocrítica, celebrado en Barcelona, España en 2014. Ahí se aborda, desde la perspectiva geohistórica, los procesos de regulación social a través de la creación de espacios de control de la población y del control de los espacios. Dichos planteamiento se elaboran en en los albores de creación de los estados nación, como España, Inglaterra, Filipinas, Marruecos, Argentina, Brasil y México. | ||
| 649 | |a XX | ||
| 650 | |a Espacio Social - |x Congresos - |x Tema Principal | ||
| 650 | |a Espacio Social - |x Historia - |x Tema Principal | ||
| 650 | |a Espacio Urbano - |x Historia | ||
| 650 | |a Control Social - |x Historia - |x Tema Principal | ||
| 650 | |a Poder Político - |x Historia | ||
| 650 | |a Política y Salud Pública - |x Historia | ||
| 650 | |a Fronteras Geopolíticas - |x Historia | ||
| 650 | |a Arquitectura y Sociedad | ||
| 650 | |a Urbanismo | ||
| 650 | |a Geografía Histórica | ||
| 650 | |a Geografía Humana | ||
| 650 | |a Sociología de la Cultura | ||
| 700 | |a Casals, Vicente |e (edición) | ||
| 700 | |a Bonastra, Quim |e (edición) | ||
| 700 | |a Capel, Horacio |e (introducción) | ||
| 910 | |a Fondo General | ||
| 920 | |a Impresos - Libros | ||
| 930 | |a Colección General | ||
| 905 | |a 101 | ||
| 901 | |a 0500297149 |b IT1 |c ACC |i c157209 |u 20250521 | ||
| 902 | |a https://opac.biblio.iteso.mx/vufind/Record/000401686 | ||